[Event "Open Loire 2011-2012"]
[Site "LOIRE"]
[Date "2012.05.26"]
[Round "10.14"]
[White "Mialon, Franck"]
[Black "Choquelle, Jean"]
[Result "1-0"]
[WhiteElo "1350"]
[BlackElo "1140"]
[PlyCount "39"]
[EventDate "2012.??.??"]

1. e4 e5 2. Nf3 Nc6 3. Bc4 h6 4. O-O Bc5 5. c3 Nf6 6. d4 Bb6 7. dxe5 Nxe4 8.
Qd5 Ng5 9. Nxg5 Qe7 10. Nxf7 Rf8 11. Nxh6 Nxe5 12. Be2 Kd8 13. Ng8 Qd6 14. Bg5+
Rf6 15. Bxf6+ gxf6 16. Qe4 c6 17. Na3 Qe6 18. Qh7 Kc7 19. Qh8 Ng6 20. Qxf6 1-0

[Event "Open Loire 2011-2012"]
[Site "LOIRE"]
[Date "2012.05.26"]
[Round "10.15"]
[White "Laffin, Mickael"]
[Black "Lempereur, Theo"]
[Result "0-1"]
[WhiteElo "1100"]
[BlackElo "1260"]
[PlyCount "36"]
[EventDate "2012.??.??"]

1. e4 e5 2. Nf3 Nc6 3. Bc4 Bc5 4. O-O Nf6 5. a3 O-O 6. Nc3 d6 7. d3 Bg4 8. h3
Bxf3 9. Qxf3 Nd4 10. Qg3 Nh5 11. Qg4 g6 12. f4 Nxc2+ 13. Kh2 Nxa1 14. fxe5 Qe7
15. Bh6 Qxe5+ 16. Kh1 Ng3+ 17. Kh2 Nxf1+ 18. Kh1 Qh2# 0-1